01575nam a2200193 i 4500001000700000003000900007005001700016008004100033080001200074110005000086245010100136260005100237300002000288505074200308545009001050852010801140999001901248952011401267170944ES-MaACL20230906214514.0090417s19091918sp |||| | spa d a94(460)2 aReal Academia de la Historia (España)9630910aDiscursos leídos ante la Academia de la Historia, f1909-1918 /cReal Academia de la Historia. aMadrid : b[s.n.], c1909 (fTip. de Fortanet) a1 v. ; c25 cm.8 aContiene: El alto Jalón: descubrimientos arqueológicos / Enrique de Aguilera y Gamboa, Marqués de Cerralbo (180 p. con il.). El carácter científico de la Historia / Gumersindo de Azcárate (73 p.). Contestación / Rafael Ureña y Smenjaud (p. 75-87). Los Mendoza del siglo XV y el Castillo del Real de Manzanares / Vicente Lampérez y Romea (86 p. + 13 h. de lám.). Contestación / José Ramón Mélida (p.87-101). Los cronistas valencianos; Necrología de D. Vicente Vignau y Ballester / Vicente Castañeda y Alcover (256 p.). Discurso / Julio Puyol y Alonso (p. 257-266). Alfonso X, emperador (electo) de Alemania / Antonio Ballesteros y Beretta (83 p.). Contestación / Adolfo Bonilla y San Martín (p. 85-96). aEl discurso de Vicente Lampérez y Romea tiene ded. autógrafa al Ateneo de Madrid. aES-MaACLjK-133 z- Enc. pasta española z- Dedicatoria autógrafa de Vicente Lámperez y Romea c170944d170944 00104070aATENEOMbATENEOMcADMd2009-04-17l0oK-133p1179406r2023-02-23 00:00:00w2023-02-23yMONOGRAFIA